000 00373nam a2200145Ia 4500
008 100122s9999 xx 000 0 und d
082 _b42790
_a823
100 _aहरकारे अरुण
245 _aकर्ज
260 _bरावजी प्रकाशन
_c1989
300 _a241
630 _aकर्ज
730 _aकर्ज
942 _cBOOK
999 _c423108
_d423105